| 000 | 00548nam a2200217Ia 4500 | ||
|---|---|---|---|
| 008 | 150901s9999 xx 000 0 und d | ||
| 020 | _a9789350740781 | ||
| 041 | _aEnglish | ||
| 082 | _a630 | ||
| 082 | _bDHA/AG | ||
| 100 | _aDharmendra Dhari singh | ||
| 100 | _eAuthor | ||
| 245 | _aAgrarian reforms in India :a historical perspective | ||
| 260 | _aNewdelhi | ||
| 260 | _bAbhijeet publications | ||
| 260 | _c2013 | ||
| 300 | _a206 Pages | ||
| 365 | _aRs.800/- | ||
| 650 | _aAgrarian reforms in india | ||
| 942 | _cBK | ||
| 999 |
_c245174 _d245174 |
||